Datum a čas kvízu
30.5
Celkem bodů
Celkový počet nahraných bodů na tomto kvízu bez doplňovacích otázek.
6.
Pořadí na kvízu
Konečné umístění týmu na tomto kvízu.
Zaznamenané odpovědi
| # | Otázka | Odpověď | Body | Výsledky |
|---|---|---|---|---|
| 1. | Víceméně banální nehodu způsob... | 80letá seniorka | 1 | |
| 2. | Chorvatská národní banka oznám... | kuna | 0 | |
| 3. | Ve čtvrtek začal již 72. roční... | Berlinale | 1 | |
| 4. | Ve věku 78 let v úterý zemřel... | dm drogerie | 1 | |
| 5. | V úterý 15. února slaví své ne... | (HC Energie) Karlovy Vary | 1 | |
| 6. | V tomto tématu stačí vždy odpo... | ANO | 1 | |
| 7. | Italský fotbalový klub AC Milá... | NE | 1 | |
| 8. | Moravská Třebová je město na v... | NE | 0 | |
| 9. | YouTube je internetový server... | NE | 1 | |
| 10. | Tolstolobik bílý je sladkovodn... | NE | 0 |